00796cam a22001932 4500001001100000005001700011008004100028020001700069040001500086050001900101100003300120245011800153260007300271300002700344504006400371650006000435650005600495650005100551000000280620151217151905.0070419s xx 000 0 eng d a0674004493 : aKABUcKABU 0aPS169b.E25B841 aBuell, Lawrence.@000011346610aWriting for an endangered world :bliterature, culture, and environment in the U.S. and beyond /cLawrence Buell. aCambridge, Mass :bBelknap Press of Harvard University Press,c2001. aviii, 365 p. ;c24 cm. aIncludes bibliographical references (p. 267-340) and index. 0aAmerican literaturexHistory and criticism.@0000152313 0aEnvironmental protection in literature.@0000152316 0aNature conservation in literature.@0000152317